|
|
|
|
| LEADER |
00000nam0a2200000 4500 |
| 001 |
681545 |
| 005 |
20250924101744.0 |
| 090 |
|
|
|a 681545
|
| 100 |
|
|
|a 20250905d1895 km|y0rusy50 ba
|
| 101 |
0 |
|
|a ger
|
| 102 |
|
|
|a DE
|
| 105 |
|
|
|a af z 001yy
|
| 181 |
|
0 |
|a i
|b e
|
| 182 |
|
0 |
|a n
|
| 183 |
|
0 |
|a nc
|2 RDAcarrier
|
| 200 |
1 |
|
|a Die Feuerfesten Thone deren Vorkommen, Zusammensetzung, Untersuchung, Behandlung und Anwendung. Mit Berücksichtigung der feuerfesten Materialien überhaupt
|e Mit 90 Figuren im Text und 2 Tafeln
|f Carl Bischof
|
| 203 |
|
|
|a Текст
|b визуальный
|c непосредственный
|
| 205 |
|
|
|a Zweite umgearbeitete und vermehrte Auflage
|
| 210 |
|
|
|a Leipzig
|c Verlagsbuchhandlung von Quandt & Händel
|d 1895
|
| 215 |
|
|
|a VIII, 462 S.
|c il.
|
| 283 |
|
|
|a volume
|2 RDAcarrier
|
| 300 |
|
|
|a В описании используется грамматика 19 века
|
| 300 |
|
|
|a Раздельная пагинация страниц
|
| 316 |
|
|
|5 63413507: 3898
|a На переднем форзаце книготорговая марка книжного магазина: "Polytechnische Buchhandlung A. Seydel Mohrenstrasse 9 Berlin W."
|
| 317 |
|
|
|5 63413507: 3898
|a Поступил в НТБ в 1910 г. в составе книжного собрания профессора ТТИ А. Э. Сабека
|
| 320 |
|
|
|a Alphabetisches Register: S. 452-462
|
| 320 |
|
|
|a Bibliographie in Referenzen
|
| 320 |
|
|
|a Постраничные примечания
|
| 541 |
1 |
|
|a Огнеупорные глины, их распространение, состав, исследование, обработка и применение, включая огнеупорные материалы в целом.
|z rus
|
| 606 |
|
|
|a Глины огнеупорные
|9 56907
|
| 610 |
1 |
|
|a огнеупоры
|
| 610 |
1 |
|
|a огнеупорная глина
|
| 610 |
1 |
|
|a огнеупорные материалы
|
| 610 |
1 |
|
|a месторождения
|
| 610 |
1 |
|
|a добыча
|
| 610 |
1 |
|
|a свойства
|
| 610 |
1 |
|
|a состав
|
| 610 |
1 |
|
|a исследование
|
| 610 |
1 |
|
|a методы
|
| 610 |
1 |
|
|a обработка
|
| 610 |
1 |
|
|a применение
|
| 610 |
1 |
|
|a Коллекция А. Э. Сабека
|
| 610 |
1 |
|
|a немецкий язык
|
| 675 |
|
|
|a 666.762
|v 4
|
| 700 |
|
1 |
|a Bischof
|b C.
|g Carl
|
| 801 |
|
0 |
|a RU
|b 63413507
|c 20250905
|
| 830 |
|
|
|a Ретро2025Каталогизация Кузнецова (РФ)
|
| 850 |
|
|
|a 63413507
|
| 942 |
|
|
|c BK
|